Traumata : Psychische Krisen in Texten von Annette von Droste-Hülshoff bis Jan Philipp Zymny. Ein Materialienbuch.

Bibliographic Details
Main Author: Gödden, Walter.
Format: eBook
Language:German
Published: Bielefeld : Aisthesis Verlag, 2021.
Edition:1st ed.
Series:Veröffentlichungen der Literaturkommission für Westfalen
Subjects:
Online Access:Click to View
LEADER 01611nam a22003733i 4500
001 EBC7194033
003 MiAaPQ
005 20231204023228.0
006 m o d |
007 cr cnu||||||||
008 231204s2021 xx o ||||0 ger d
020 |a 9783849816582  |q (electronic bk.) 
020 |z 9783849817664 
035 |a (MiAaPQ)EBC7194033 
035 |a (Au-PeEL)EBL7194033 
035 |a (OCoLC)1390558227 
040 |a MiAaPQ  |b eng  |e rda  |e pn  |c MiAaPQ  |d MiAaPQ 
100 1 |a Gödden, Walter. 
245 1 0 |a Traumata :  |b Psychische Krisen in Texten von Annette von Droste-Hülshoff bis Jan Philipp Zymny. Ein Materialienbuch. 
250 |a 1st ed. 
264 1 |a Bielefeld :  |b Aisthesis Verlag,  |c 2021. 
264 4 |c {copy}2021. 
300 |a 1 online resource (462 pages) 
336 |a text  |b txt  |2 rdacontent 
337 |a computer  |b c  |2 rdamedia 
338 |a online resource  |b cr  |2 rdacarrier 
490 1 |a Veröffentlichungen der Literaturkommission für Westfalen ;  |v v.91 
588 |a Description based on publisher supplied metadata and other sources. 
590 |a Electronic reproduction. Ann Arbor, Michigan : ProQuest Ebook Central, 2023. Available via World Wide Web. Access may be limited to ProQuest Ebook Central affiliated libraries.  
655 4 |a Electronic books. 
776 0 8 |i Print version:  |a Gödden, Walter  |t Traumata  |d Bielefeld : Aisthesis Verlag,c2021  |z 9783849817664 
797 2 |a ProQuest (Firm) 
830 0 |a Veröffentlichungen der Literaturkommission für Westfalen 
856 4 0 |u https://ebookcentral.proquest.com/lib/matrademy/detail.action?docID=7194033  |z Click to View